Kowal, Grzegorz. Friedrich Nietzsche w publicystyce i literaturze polskiej lat 1919 - 1939. - Warszawa : Wydawn. IBL PAN. - 2005 [Rezension]
| Titel: | Kowal, Grzegorz. Friedrich Nietzsche w publicystyce i literaturze polskiej lat 1919 - 1939. - Warszawa : Wydawn. IBL PAN. - 2005 [Rezension] |
|---|---|
| Verfasser: | |
| In: |
Przegla̜d humanistyczny, Band 51, Heft 5 (2007), Seite 98-99 alle Artikel anzeigen |
| Veröffentlicht: | 2007 |
| Format: | Aufsatz |
| Sprache: | Polnisch |
X
alg: 39491672 001A $01999:12-11-16 001B $01999:03-08-21 $t21:06:40.000 001D $01999:12-11-16 001U $0utf8 001X $00 002@ $0Aox 003@ $0394916727 007A $0394916727 $aHEB 007T $0Herdc0075076m 010@ $apol 011@ $a2007 021A $aKowal, Grzegorz. Friedrich Nietzsche w publicystyce i literaturze polskiej lat 1919 - 1939. - Warszawa : Wydawn. IBL PAN. - 2005 [Rezension] 028A $aPrzywara $dPatrycja 031A $d51 $e5 $h98-99 $j2007 039B $aIn $8--Abvc--. Przegla̜d humanistyczny. - Warszawa : Wydawn. Uniw. Warszawskiego, 1957-. - ISSN 0033-2194 $x200700000510005902 $9047308656 039T $8--Aau--Kowal, Grzegorz$Z1973- [Tp3]. Friedrich Nietzsche w publicystyce i literaturze polskiej lat 1919 - 1939. - Warszawa : Wydawn. IBL PAN, 2005. - 310 S.. - ISBN 83-89348-44-6 $9183628845 045F $a900.9438 $eDDC23BSB 045F/01 $a900 045F/03 $g438 045T $a7,39 $a7,41 lok: 39491672 78 exp: 39491672 78 1 #EPN 201B/01 $018-11-16 $t13:08:14.000 201U/01 $0utf8 203@/01 $079121530X 208@/01 $a12-11-16 $be 209A/01 $a/ $f000 $x00 220C/01 $aTitelaufnehmer: pg;pbb 220C/01 $aHerkunft: PBB/IH PAN 244Z/01 $2Trx $#Poola $#Lenkija $#Polija $#Polen Land $#Poland $#Lengyelország $#Poľsko $#Polsko $8--Trx--Polska$gkraj $x01 $9391345966 244Z/01 $2Trx $#arvustused $#recenzijos $#Reviews $#recenziók $#recenzje $#recenzie $#recenze $8--Trx--Rezensionen $x02 $9391357441 247C/01 $82080>Marburg/Lahn, Herder-Institut, Forschungsbibliothek, Bibliographieportal $9336309341
| LEADER | 00000caa a22000002c 4500 | ||
|---|---|---|---|
| 001 | 394916727 | ||
| 003 | DE-603 | ||
| 005 | 20210803210640.0 | ||
| 007 | tu | ||
| 008 | 161112s2007 xx |||| | u00||u|pol c | ||
| 035 | |a (DE-599)HEB394916727 | ||
| 040 | |a DE-603 |b ger |c DE-603 |d DE-603 | ||
| 041 | |a pol | ||
| 082 | 0 | 4 | |8 1\u |a 900.9438 |q DE-101 |2 23/BSB |
| 084 | |a 7,39 |a 7,41 |2 ssgn | ||
| 085 | |8 1\u |b 900 | ||
| 085 | |8 1\u |z 2 |s 438 | ||
| 100 | 1 | |a Przywara, Patrycja | |
| 245 | 0 | 0 | |a Kowal, Grzegorz. Friedrich Nietzsche w publicystyce i literaturze polskiej lat 1919 - 1939. - Warszawa : Wydawn. IBL PAN. - 2005 [Rezension] |
| 264 | 0 | |c 2007 | |
| 773 | 0 | 8 | |i In |t Przegla̜d humanistyczny |d Warszawa : Wydawn. Uniw. Warszawskiego, 1957- |h 23 cm |x 0033-2194 |g Band 51, Heft 5 (2007), Seite 98-99 |w (DE-603)047308656 |w (DE-600)209416-2 |
| 787 | 0 | 8 | |i Rezension von |a Kowal, Grzegorz, 1973- |t Friedrich Nietzsche w publicystyce i literaturze polskiej lat 1919 - 1939 |d Warszawa : Wydawn. IBL PAN, 2005 |h 310 S., 21 cm |z 8389348446 |w (DE-603)183628845 |
| 924 | 0 | |9 2080 |a (DE-603)79121530X |b DE-2080 |c HES |d d |g / | |


